000 00810nam a2200229Ii 4500
003 JO-AjNU
008 230605s9999||||xx |||||||||||||| ||und||
017 _a2005/9/2369
020 _a9957-32-110-2
040 _aJO-AjNU
_bara
_erda
_cJO-AjNU
041 _aara
050 1 4 _aHD62.7.N34.2008
100 3 _aالنجار،فايز جمعة صالح/عبد الستار محمد العلي,
_eauthor
_929098
245 0 0 _aالريادة وادارة الاعمال الصغيرة=Entrepreneurship And Small Business Management
250 _aط2
264 3 1 _aعمان:دار الحامد للنشر والتوزيع،2008
300 _a350ص
336 _atext
_btxt
_2rdacontent
337 _aunmediated
_bn
_2rdamedia
338 _avolume
_bnc
_2rdacarrier
650 4 _aادارة الاعمال
_929099
999 _aA11369
_c14937
_d14937